Executive agents in American : foreign relations /

Uloženo v:
Podrobná bibliografie
Hlavní autor: Merritt Wriston, Henry (autor)
Médium: Kniha
Jazyk:angličtina
Vydáno: Baltimore, EUA : Johns Hopkins University, 1929
Témata:
Tagy: Přidat tag
Žádné tagy, Buďte první, kdo vytvoří štítek k tomuto záznamu!

MARC

LEADER 00000nam^a2200000^a^4500
001 000007721
005 20250521000000.0
009 20260310083516.075
037 |a Acervo ITESO - Biblioteca 
041 |a ING 
082 |a 327. 2  |b MER 
100 |a Merritt Wriston, Henry  |e (autor) 
245 1 0 |a Executive agents in American :  |b foreign relations /  |c H. Merritt Wriston. 
264 1 |a Baltimore, EUA :  |b Johns Hopkins University,  |c 1929 
300 |a 874 p. 
336 |a texto  |b txt  |2 rdacontenido 
337 |a sin mediación  |b n  |2 rdamedio 
338 |a volumen  |b nc  |2 rdasoporte 
649 |a XX 
650 |a Política Internacional 
650 |a Política Exterior -  |z EUA 
650 |a Política Exterior -  |z EUA 
910 |a Fondo General 
920 |a Impresos - Libros 
930 |a Colección General 
905 |a 101 
901 |a 0077210100  |b IT1  |c ACC  |i 007721  |u 20250521 
902 |a https://opac.biblio.iteso.mx/vufind/Record/000007721